000 00792nam a2200241 a 4500
003 MX-MxUPN
005 20241001063842.0
008 991125s1942 mx r 000 0 spa d
035 _aUPN01000005322
040 _aMX-MxUPN
_bspa
_cMX-MxUPN
041 0 _aspa
050 1 4 _aPQ7297 G615
_bG62
100 1 _aGonzález Martínez, Enrique,
_d1871-1952
_930579
245 1 0 _aBajo el signo mortal ; La dulce herida ; La emoción perdida ; y poemas escogidos
260 _aMéxico :
_bEditora y Librera,
_c1942.
300 _a182 páginas
490 0 _aPoesía hispanoamericana ;
_v1
650 4 _aPoesía mexicana
_91273
710 2 _aInstituto Nacional de Pedagogía (México)
_epropietario anterior
_928088
740 3 _aLa dulce herida
740 3 _aLa emoción perdida
942 _2lcc
_cLIBRO
999 _c5322
_d5322